Statistics for All-Time NFL QBR Leaders

Click here to take the quiz!

General Stats

  • This quiz has been taken 366 times
  • The average score is 37 of 50

Answer Stats

RankYearTotal QBRQuarterback% Correct
3200784.5Tom Brady
99%
45201167.9Tom Brady
99%
13201276.7Tom Brady
99%
33201072Tom Brady
99%
21201474.6Tom Brady
99%
29200773Peyton Manning
98%
24201073.4Peyton Manning
98%
2200685.4Peyton Manning
98%
10200879Peyton Manning
98%
9201381Peyton Manning
98%
8200981.2Peyton Manning
98%
6201283.2Peyton Manning
98%
18201475.1Peyton Manning
98%
28201373Drew Brees
95%
4201184Drew Brees
95%
25201473.4Drew Brees
95%
16200975.5Drew Brees
95%
17201575.5Drew Brees
95%
1201186.2Aaron Rodgers
93%
23201273.5Aaron Rodgers
93%
48200967.2Aaron Rodgers
93%
11201477.4Aaron Rodgers
93%
38201470.5Philip Rivers
78%
20201374.9Philip Rivers
78%
14200976.1Philip Rivers
78%
43201268.8Ben Roethlisberger
76%
32201472.1Ben Roethlisberger
76%
42200769.3Ben Roethlisberger
76%
12201576.9Ben Roethlisberger
76%
30201272.5Russell Wilson
75%
36201470.7Russell Wilson
75%
19201574.9Russell Wilson
75%
31200872.3Matt Ryan
74%
34201272Matt Ryan
74%
35201471Matt Ryan
74%
37200970.7Brett Favre
70%
47201267.4Andrew Luck
62%
5201483.6Tony Romo
61%
7201582.1Carson Palmer
59%
40201570.1Kirk Cousins
47%
27201573.1Andy Dalton
45%
49200867.1Jay Cutler
42%
50201367.1Jay Cutler
42%
41200969.4Matt Schaub
40%
15201275.6Robert Griffin III
39%
22201373.8Nick Foles
37%
46201567.8Tyrod Taylor
17%
39200870.2Chad Pennington
12%
44200868.4Jeff Garcia
11%
26200773.2David Garrard
8%

Score Distribution

Percentile by Number Answered

Percent of People with Each Score

Your Score History

You have not taken this quiz